Corporate capitalism in Japan

Zapisane w:
Opis bibliograficzny
1. autor: Okumura, Hiroshi (Autor)
Kolejni autorzy: Anthony, Douglas (translation), Brown, Naomi (translation)
Format: Książka
Język:angielski
Wydane: Londres Macmillan Press 2000
Seria:Classics in the History and Development of Economics
Hasła przedmiotowe:
Etykiety: Dodaj etykietę
Nie ma etykietki, Dołącz pierwszą etykiete!

MARC

LEADER 00000nam a2200000 a 4500
001 UCI1368
003 CL-VaPUC
005 20241010161148.0
008 070629e20000000UK |||||||||||||||||eng|d
999 |c 326196  |d 326194 
020 |a 0333575326 
040 |c Pontificia Universidad Católica de Valparaíso 
082 0 4 |a 338.74  |b OKU  |2 21 
100 0 |a Okumura, Hiroshi  |e author  |9 521835 
245 1 0 |a Corporate capitalism in Japan 
260 |a Londres  |b Macmillan Press  |c 2000 
300 |a 165 p 
490 0 |a Classics in the History and Development of Economics 
583 |a last modification  |c 20070629 00:00:00  |k Rodrigo Vera 
650 7 |a EMPRESAS FILIALES  |2 CL-VaPUC  |9 521836 
650 0 |a Empresas comerciales  |9 334163 
650 7 |a GRANDES EMPRESAS  |2 CL-VaPUC  |9 521742 
650 7 |a ECONOMIA EMPRESARIAL  |2 CL-VaPUC  |9 363736 
650 7 |a COOPERATIVAS DE MARKETING  |2 CL-VaPUC  |9 521837 
650 0 |a Multinacionales  |9 256382 
651 0 |a Japón   |9 260391 
700 |a Anthony, Douglas   |e translation  |9 877227 
700 |a Brown, Naomi   |e translation  |9 877228 
942 |c BK  |2 ddc 
945 |d 20070629 00:00:00  |a rbrito 
952 |0 0  |1 0  |4 0  |6 338_740000000000000_OKU_2000  |7 0  |8 A  |9 407958  |a BIBGIM  |b BIBGIM  |d 2019-11-22  |i 4212096  |o 338.74 OKU 2000  |p 4212096  |r 2025-01-15  |w 2019-11-22  |y BK  |k ORI